| 000 | 01100nam a22002775i 4500 | ||
|---|---|---|---|
| 999 |
_c28884 _d28855 |
||
| 003 | EG-ScBUE | ||
| 005 | 20201004114159.0 | ||
| 008 | 200219s2020 ua ab f 000 0 ara d | ||
| 040 |
_aEG-ScBUE _bara _erda _cEG-ScBUE _dEG-ScBUE |
||
| 043 | _aa-af--- | ||
| 082 | 0 | 4 |
_a958.1 _bج ا ب _222 |
| 100 | 1 |
_aجاب الله، كمال، _eمؤلف. _927819 |
|
| 245 | 1 | 0 |
_aبردا وسلاما على أفغانستان = _bآسايش و آرامش بادبر افغانستان / _cكمال جاب الله. |
| 246 | 3 | 1 | _aآسايش و آرامش بادبر افغانستان |
| 264 | 1 |
_a[القاهرة] : _b[الناشر غير معرف]، _c2020. |
|
| 300 |
_a220 صفحة : _bإيضاحيات، خرائط ؛ _c24 سم |
||
| 336 |
_aنص _btxt _2rdacontent |
||
| 337 |
_aبدون وسيط _bn _2rdamedia |
||
| 338 |
_aمجلد _bnc _2rdacarrier |
||
| 541 |
_aكمال جاب الله ؛ _cإهداء ؛ |
||
| 650 | _2BUEsh | ||
| 651 | 7 |
_aأفغانستان _xتاريخ. _2BUEsh |
|
| 651 | 7 |
_aأفغانستان _xسياسة وحكومة. _2BUEsh |
|
| 653 |
_bBUSBOL _cOctober2020 |
||
| 942 | _2ddc | ||